La vida, el universo y todo lo demás / (Record no. 21279)

MARC details
000 -LEADER
campo de control de longitud fija 01766nam a2200301 i 4500
001 - NÚMERO DE CONTROL
campo de control 21279
003 - IDENTIFICADOR DE NÚMERO DE CONTROL
campo de control ES-MaACL
005 - FECHA Y HORA DE LA ÚLTIMA TRANSACCIÓN
campo de control 20250703063056.0
007 - CAMPO FIJO DE DESCRIPCIÓN FÍSICA--INFORMACIÓN GENERAL
campo de control de longitud fija t|
008 - DATOS DE LONGITUD FIJA--INFORMACIÓN GENERAL
campo de control de longitud fija 021122s1985 sp ||||1| spa d
020 ## - NÚMERO INTERNACIONAL ESTÁNDAR DEL LIBRO
Número Internacional Estándar del Libro 8433912712
040 ## - FUENTE DE CATALOGACIÓN
Centro/agencia transcriptor ES-MaACL
100 1# - ENTRADA PRINCIPAL--NOMBRE DE PERSONA
Nombre de persona Adams, Douglas,
9 (RLIN) 241149
Fechas asociadas al nombre 1952-2001
Término indicativo de función/relación Autor
245 13 - MENCIÓN DEL TÍTULO
Título La vida, el universo y todo lo demás /
Mención de responsabilidad, etc. Douglas Adams ; traducción de Benito Gómez Ibáñez.
260 ## - PUBLICACIÓN, DISTRIBUCIÓN, ETC.
Lugar de publicación, distribución, etc. Barcelona :
Nombre del editor, distribuidor, etc. Anagrama,
Fecha de publicación, distribución, etc. [1985]
300 ## - DESCRIPCIÓN FÍSICA
Extensión 187 páginas ;
Dimensiones 20 cm.
490 1# - MENCIÓN DE SERIE
Mención de serie Contraseñas ;
Designación de volumen o secuencia 71
490 1# - MENCIÓN DE SERIE
Mención de serie Guía del autoestopista galáctico ;
Nombre de parte o sección de la obra 3
520 ## - RESUMEN, ETC.
Sumario, etc. En La vida, el universo y todo lo demás prosiguen las cósmicas y cómicas aventuras iniciadas en la Guía del autoestopista galáctico y El restaurante del fin del mundo, la universalmente aclamada «trilogía en cinco partes», cuyos volúmenes (no nos cansaremos de repetirlo) pueden leerse de forma independiente, que se completa con Hasta luego, y gracias por el pescado e Informe sobre la Tierra: fundamentalmente inofensiva.<br/><br/>En este libro encontramos a intrépidos y conocidos personajes: Arthur Dent, el único humano que sobrevivió a la demolición de la Tierra; Marvin, el androide paranoide, el más depresivo robot de la historia de la literatura; Zaphod Beeblebrox, antiguo Presidente de la Galaxia y un tipo muy presentable, a quien le ocurre que tiene dos cabezas. Y así.
655 #7 - TERMINO DE INDIZACIÓN--GENERO/FORMA
Fuente del término tgfbne
9 (RLIN) 176428
Datos o término principal de género/forma Novelas de humor
700 0# - ENTRADA AGREGADA--NOMBRE PERSONAL
Nombre de persona Gómez Ibáñez, Benito
9 (RLIN) 57986
Término indicativo de función/relación Traductor
830 0# - PUNTO DE ACCESO ADICIONAL DE SERIE-TÍTULO UNIFORME
Título uniforme Contraseñas ;
Designación de volumen o secuencia 71
9 (RLIN) 179727
830 00 - PUNTO DE ACCESO ADICIONAL DE SERIE-TÍTULO UNIFORME
Título uniforme Guía del autoestopista galáctico ;
Designación de volumen o secuencia 3
9 (RLIN) 241148
852 ## - LOCALIZACIÓN
Ubicación ES-MaACL
Número de control de estantería L-8862
Sublocalización o colección R.110447
942 ## - ELEMENTOS DE ENTRADA SECUNDARIOS (KOHA)
Tipo de ítem Koha Libro impreso
Suprimir en OPAC No
Holdings
Estatus retirado Estado de pérdida Estado de daño No para préstamo Biblioteca de origen Biblioteca actual Ubicación en estantería Fecha de adquisición Fuente de adquisición Total de préstamos Signatura topográfica completa Código de barras Visto por última vez Precio de reemplazo Tipo de ítem Koha
        Biblioteca del Ateneo de Madrid Biblioteca del Ateneo de Madrid Depósito 2 17/01/2008     L-8862 1021860 23/02/2023 23/02/2023 Libro impreso